000 00925nam a22002537a 4500
005 2009102703323.0
008 091027t xxu||||| |||| 00| 0 eng d
010 _aENG-95219
020 _a9780070151604
_c350.00
020 _a0070151601
035 _aEN-78752
037 _bDBAD/PUB
040 _aDPL
082 _a657.046
100 _aHanif, Mohammed
245 _aAdvanced accounting:
_cby Mohammed Hanif [and] Amitabha Mukherjee
_bfor CA IPCC examination /
260 _aNew Delhi
_bTata McGraw Hill Education
_c2009
270 _a7, West Patel Nagar
_bNew Delhi
_e110008
300 _aVarious pagings
_c24 cm.(Pbk).
500 _aIncludes Index
700 _aMukherjee, Amitabha
942 _2ddc
_cEN
_mHAN
_h657.046
999 _c31061
_d31061